LEADER 00651nam a2200181 i 4500 001 000000186131 003 CaOOAMICUS 005 20100222000000.0 008 100222s1933 it u000 u ita u 013 $a164177 040 $aSeMil$bita 245 10$aVia purgativa. 300 $aIII, 476 p. 700 1 $aBoccardo, Luigi.$0(OLS)http://semarc/name/10250 773 0 $aBoccardo, Luigi$tContributo per esercizi spirituali ai sacerdoti.$dTorino : Istituto per Cieche, 1933-1935.$w()22963 850 $aSeMil 852 $aSeMil$W1$xVenegono$y1$m3F III 173$j136818$B136818$CSeMilBibl$Z2$F148364 $81 996 $6245$aVia purgativa$9(OLS)http://semarc/title/267507 LEADER 01412nam a2200277 4500 001 000000332833 003 CaOOAMICUS 005 20190411144645.0 008 190314s1953 xxc 000 u fre r 040 $aSeMil$bita 100 1 $aVanier, Paul.$0(OLS)http://semarc/name/109149 245 10$aThéologie trinitaire chez saint Thomas d'Aquin :$b évolution du concept d'action notionnelle / $cpar Paul Vanier. 264 1$aMontréal :$bInstitut d'études médiévales ;$aParis :$bJ. Vrin,$c1953. 300 $a156 p. ;$c25 cm 490 1 $aPublications de l'institut d'etudes medievales ;$v13 650 04$aTrinità - Concezione [di] Tommaso : d'Aquino.$0(OLS)http://semarc/subject/6965 830 0$aPublications de l'Institut d'études medievales ;$v13.$0(OLS)http://semarc/title/15499 850 $aSeMil 852 $aSeMil$W1$xVenegono$y1$m2B VI 396$j211987$B225065$CSeMilBibl$Z2$F225065 $81 961 $aBrambilla don Paolo - Omaggio 983 0$aPublications de l'Institut d'études médiévales d'Ottawa. 996 $6245$aThéologie trinitaire chez saint Thomas d'Aquin :$b évolution du concept d'action notionnelle / $9(OLS)http://semarc/title/421953 996 $6264$aMontréal :$bInstitut d'études médiévales$9(OLS)http://semarc/publisher/33227 996 $6264$aParis :$bJ. Vrin$9(OLS)http://semarc/publisher/30215